Linkin Park - Leave Out All The Rest Lyrics - Statistics

General Stats
  • This quiz has been taken 687 times
    666 since last reset
  • The average score is 21 of 29
Answer Stats
Hint Answer % Correct
you were so ______, scared
91%
Help me leave ______ some behind
88%
When my time _____, comes
87%
______ the wrong that I've done. forget
87%
_____ ___ ___ ____. leave out all the rest
86%
_____ ___ ___ ____. Leave out all the rest
86%
And when you're feeling _____, empty
85%
_______ to be missed. reasons
85%
keep me in ____ ______, your memory
85%
So if you're ______ me I want you to ____. asking know
80%
Don't be ______. afraid
78%
And don't ______ me. resent
78%
but no one _____ ______, would listen
78%
I _______ I was _______, dreamed missing
77%
What am i _______ leaving
77%
when I'm ____ ____? done here
75%
not all the way _______. through
73%
_____ my ________, After dreaming
72%
_____ no one else _____. cause cared
72%
but _______ have you. neither
71%
I've _____ been _______, never perfect
71%
I ____ with this ____. woke fear
70%
I'm ______ on the _______, strong surface
65%
I can't __ ___ ___ ___. be who you are
58%
I can't __ ___ ___ ___. be who you are
58%
I've ______ my _______, taken beating
57%
Pretending _______ else can ____ and ____ me from ______. someone come save myself
54%
__________ all the ____ inside you've _______ to hide so ____. Forgetting hurt learned well
36%
I've ____ what I've ____. shared made
35%
No matching quizzes found
Score Distribution
Percent of People with Each Score
Percentile by Number Answered
Your Score History
You have not taken this quiz since the last reset